Soirées Bermudiennes : ou Entretiens sur les événemens qui ont opéré la ruine de la partie Française de l'isle Saint-Domingue ... /

Saved in:
Bibliographic Details
Main Author: Carteau, J. Félix.
Format: Book
Language:French
Published: A Bordeaux : Chez Pellier-Lawalle, Imprimeur-Libraire, 1802.
Series:LLMC Digital
Subjects:
Tags: Add Tag
No Tags, Be the first to tag this record!
LEADER 01285cam a2200325Mi 4500
001 004347399-7
005 20121101020544.0
008 920316s1802 fr 000 0 fre d
035 0 |a ocm25974311 
040 |a COO  |c COO  |d OCL  |d HLS 
043 |a nwdr--- 
100 1 |a Carteau, J. Félix. 
245 1 0 |a Soirées Bermudiennes : ou Entretiens sur les événemens qui ont opéré la ruine de la partie Française de l'isle Saint-Domingue ... /  |c Par F.C***., un de ses précédens colons. 
260 |a A Bordeaux :  |b Chez Pellier-Lawalle, Imprimeur-Libraire,  |c 1802. 
300 |a [2], xlii, 306 p. ;  |c 21 cm. 
500 |a Errata verso half-title. 
500 |a Caption title p. xvii: Soirées Bermudiennes ou Entretiens sur les désastres de St. Domingue. 
500 |a Pages xl, 228, 258 misnumbered lx, 128, 268. 
500 |a Not in Lib. Company. Afro-Americana. 
510 4 |a Bissainthe, M. Bibliographie Haitienne,  |c 5010 
650 0 |a Slavery  |z Hispaniola. 
651 0 |a Haiti  |x History  |y Revolution, 1791-1804. 
650 0 |a Slavery  |z France  |x Justification. 
650 0 |a Slavery  |z Haiti. 
650 7 |a Esclavage  |x Justification  |z France.  |2 ram 
650 7 |a Esclavage  |z Haïti.  |2 ram 
752 |a France  |d Bordeaux. 
830 0 |a LLMC Digital  |5 net 
988 |a 20020608 
906 |0 OCLC